00293nam a2200133Ia 4500008004100000041000800041082001500049100001600064245001900080260002000099300000800119365001600127700001600143230718s9999 xx 000 0 und d aeng a646.7bCAN aCanfield J. aPower Of Focus c2000bVermilion a310 cRs.b519.00 aCanfield J.